000 00754nam a2200217Ii 4500
003 JO-AjNU
008 230605s9999||||xx |||||||||||||| ||und||
017 _a2003/11252
020 _a977-01-8583-3
040 _aJO-AjNU
_bara
_erda
_cJO-AjNU
041 _aara
050 1 4 _aDE71.T612 2003
100 3 _aتوينبى، أرنولد ؛ ترجمة جرجس، رمزي؛ مراجعة خفاجة، صقر؛ اعداد عناني، محمد محمد,
_eauthor
_912986
245 0 0 _aتاريخ الحضارة الهلينية
264 3 1 _aالقاهرة: (د.م)، 2003
300 _a286ص
336 _atext
_btxt
_2rdacontent
337 _aunmediated
_bn
_2rdamedia
338 _avolume
_bnc
_2rdacarrier
650 4 _aالهلينيون-تارخ
_912987
999 _aA3114
_c6682
_d6682